000 00497nam a22001937a 4500
003 OSt
005 20160516191118.0
008 160516b xxu||||| |||| 00| 0 eng d
020 _a0582228654
040 _cDDC.
082 _a574 CON 1996.
100 _aSpellerberg,F.Ian;
_98831
245 _aConcervation Biology.
260 _aEngland.
_bLongman.
_c1996.
300 _aviii,242p;
_bill;
_c29cm.
504 _aglossary and index are included.
650 _aBiology.
_95602
942 _2ddc
_cSLOAN
999 _c4065
_d4065